000 00322nam a22001457a 4500
008 210604b ||||| |||| 00| 0 eng d
020 _a9780803613522
041 _aeng
080 _a610.73
082 _a610.73
100 _a2
101 _aINF
245 _aFundamentals of Nursing
_cWilkinson,J.M
942 _2udc
_cBK
999 _c57961
_d57961